50 ciudades por sus calles y rutas emblemáticas - Estadísticas

Estadísticas generales
  • Esta prueba ha sido intentada 27 veces
  • La puntuación promedio es 32 de 50
Estadísticas de respuestas
Imagen Hint Respuesta % Correcto
Hollywood Boulevard Los Ángeles
100%
Gran Vía Madrid
100%
Wall Street Nueva York
100%
Campos Elíseos París
100%
Avenida Chang'an Pekín
100%
Shibuya Crossing Tokio
100%
Downing Street Londres
96%
Via del Corso Roma
96%
Passeig de Gràcia Barcelona
92%
Avenida 9 de Julio Buenos Aires
92%
Vía Dolorosa Jerusalén
88%
Avenida Pensilvania Washington D.C.
88%
Unter den Linden Berlín
79%
Via Montenapoleone Milán
79%
Sejongno Seúl
79%
Nanjing Road Shanghái
79%
Rue de la Loi Bruselas
75%
Avenida Istiklal Estambul
75%
Ocean Drive Miami
75%
Spaccanapoli Nápoles
75%
Paseo de la Reforma Ciudad de México
71%
Jeque Zayed Dubái
71%
El Arbat Moscú
71%
Celetná Praga
71%
Nathan Road Hong Kong
67%
El Malecón La Habana
67%
The Strip Las Vegas
67%
Khao San Bangkok
63%
Strøget Copenhague
63%
Lombard Street San Francisco
63%
Magnificent Mile Chicago
58%
Al-Mu'izz El Cairo
58%
Avenida Atlântica Río de Janeiro
54%
Avenida Nevski San Petersburgo
54%
Ringstraße Viena
54%
Yonge Street Toronto
50%
Acorn Street Boston
46%
Orchard Road Singapur
46%
Royal Mile Edimburgo
42%
Sannenzaka Kioto
42%
Jungfernstieg Hamburgo
38%
Calle Al-Mutanabbi Bagdad
33%
El Eje Monumental Brasilia
33%
Hatun Rumiyoc Cuzco
25%
Stradun Dubrovnik
21%
Bourbon Street Nueva Orleans
21%
Paseo Bandera Santiago de Chile
17%
Marine Drive Bombay
13%
The Shambles York
13%
Promenade de la Croisette Cannes
8%
No se encontraron pruebas coincidentes
Distribución de puntuación
Porcentaje de gente con cada puntuación
Porcentaje por número respondido
Historial de tus puntuaciones
No has intentado esta prueba.